logo

Bir Sreshtho Munshi Abdur Rouf Library
Jhenaidah Cadet College

রবিনশন ক্রসো / (Record no. 11610)

MARC details
000 -LEADER
fixed length control field 00825nam a22002537a 4500
001 - CONTROL NUMBER
JCCL Control Number 11610
003 - CONTROL NUMBER IDENTIFIER
JCCL marc code BD-JhCC
005 - DATE AND TIME OF LATEST TRANSACTION
control field 20220731134024.0
008 - FIXED-LENGTH DATA ELEMENTS--GENERAL INFORMATION
fixed length control field 200706b20082017bg a|||| ||a| 000 0 ben d
020 ## - INTERNATIONAL STANDARD BOOK NUMBER
International Standard Book Number 98470093000830
035 ## - SYSTEM CONTROL NUMBER
system control number (BD-JhCC)11610
040 ## - CATALOGING SOURCE
Original cataloging agency BD-JhCC
Modifying agency BD-JhCC
041 ## - LANGUAGE CODE
Language code of Book ben
082 ## - DEWEY DECIMAL CLASSIFICATION NUMBER
Classification number 891.4393
Author mark and Year DIF 2017
100 ## - MAIN ENTRY--PERSONAL NAME
Personal name ডিফো, ড্যানিয়েল
245 ## - TITLE STATEMENT
Title রবিনশন ক্রসো /
Statement of responsibility, etc ড্যানিয়েল ডিফো, অনু: জাকির শামীম।
260 ## - PUBLICATION, DISTRIBUTION, ETC. (IMPRINT)
Place of publication, distribution, etc ঢাকা:
Name of publisher, distributor, etc নালন্দা;
Date of publication, distribution, etc 2017.
300 ## - PHYSICAL DESCRIPTION
Pagination 176 P. :
Other physical details ill;
Dimensions 22 CM.
610 ## - SUBJECT ADDED ENTRY--CORPORATE NAME
Corporate name or jurisdiction name as entry element Crusoe, Robinson (Fictitious character)
650 ## - SUBJECT ADDED ENTRY--TOPICAL TERM
Topical term or geographic name as entry element Children's stories
700 ## - ADDED ENTRY--PERSONAL NAME
Personal name শামীম, জাকির
942 ## - ADDED ENTRY ELEMENTS (KOHA)
Source of classification or shelving scheme Dewey Decimal Classification
Koha item type Books
Koha issues (borrowed), all copies 7
Holdings
Source of classification or shelving scheme Damaged status Not for loan Home library Current library Shelving location Date of accession Cost, normal purchase price Total Checkouts Full call number Barcode Date last seen Date checked out Copy number Koha item type
Dewey Decimal Classification     JCC Rouf Library JCC Rouf Library General Stacks 07/06/2020 187.00 7 891.4393 DIF 2017 15787 08/13/2025 08/10/2025 C-1 Books

JCC Library | Contacts | JCC Home

Last Update on 23 September 2017
Copyright @ 2017-2020 JCC Rouf Library
Rouf Library, Jhenidah Cadet College (JCC), Bangladesh